000 00509ntaaa2200193 4500
003 01
005 20251027201650.0
008 0714s1973 ag 01
040 _aAR-BaBN
_bspa
_cAR-BaBN
_eaacr
_dRIC
082 _a232.9000 H65
100 _aHobbs, Herschel H.
245 _aThe life and times of Jesus
250 _a1 ed.
260 _aGrand Rapids :
_bZondervan Publishing House,
_cc1966
300 _a218 p
500 _aLa vida y el tiempo de Jesús
650 _aJesucristo-vida de
_95253
942 _cBK
999 _c11379
_d11379